01597 2200421 4500001002100000005001500021035002000036007000300056008004100059020002200100040002200122082001600144084001800160090002200178090002200200100003400222245031500256250003600571300003100607650003000638700003300668700003500701700002400736700003700760700003900797700003900836700003700875700003700912700003800949700003500987850001201022041000801034264003701042336002101079337003001100338002301130990002201153INLIS00000000084736020190516091550 a0010-0519000695ta190516s2012 yoia g ind d a978-602-225-515-4 aYOPDYOGbinderda04223a808.301 a808.301 ANE l aDEP 808.301 ANE l aCB-D.11 2012-29580 aAnesti Rahayud1990-epenulis10aLangka-langkah kecil mencari matahari :bantologi cerita pendek komunitas penulis anak Kampus /cpenulis, Anesti Rahayu, Ade Syaputra, Arsatma Bangun, Dani Sukma, Febri Mira Rizki, Mutiara Nainggolan, Ratna Sari Mandefa, Ratna Sari Rambe, Ria Ristiana Dewi, Rudi H. Saragih, Sri Rizki Handayani, Sulaiman Rambe aCetakan pertama, September 2012 aviii, 136 halaman ;c19 cm 4aCerita pendek--xKumpulan0 aAde Syaputrad1992-epenulis0 aArsatma Bangund1989-epenulis0 aDani Sukmaepenulis0 aFebri Mira Rizkid1990-epenulis0 aMutiara Nainggoland1990-epenulis0 aRatna Sari Mandefad1992-epenulis0 aRatna Sari Rambed1990-epenulis0 aRudi H. Saragihd19986-epenulis0 aRia Ristiana Dewid1989-epenulis0 aSulaiman Rambed1991-epenulis aYOPDYOG0 aind 1aYogyakarta :bLeutikaprio,c2012 2rdacontentateks 2rdamediaatanpa perantara 2rdacarrieravolume aCB-D.11/2012-2958